APEC tradeshow directory: March 1995-March 1996.
| Format: | Book |
|---|---|
| Published: |
Singapore:
APEC,
1995.
|
| Subjects: |
| LEADER | 00506cam a2200157 7i4500 | ||
|---|---|---|---|
| 001 | 0000002876 | ||
| 005 | 19991025090000.0 | ||
| 002 | ##000004171 | ||
| 020 | 0 | 0 | |a T000003961 |
| 090 | 0 | 0 | |a I 381.1025 |b APE |
| 245 | 0 | 0 | |a APEC tradeshow directory: March 1995-March 1996. |
| 260 | 0 | 0 | |a Singapore: |b APEC, |c 1995. |
| 300 | 0 | 0 | |a 176 p.. |
| 500 | 0 | 0 | |a The directory contains detailed information on trade fairs and exhibitions for APEC members |
| 650 | 0 | 0 | |a Exhibitions |
| 999 | |a 0000004687 |b Book |c Open shelf |e Business Information Centre | ||